000 00739pam a2200241 a 4500
001 1579717
005 20180208031803.0
008 930810s1994 maua b 001 0 eng
010 _a 93030244
020 _a0205146155
040 _aDLC
_cDLC
_dDLC
041 _aeng
043 _an-us---
080 _a370.973
082 0 0 _a370.973 JOH
_220
100 _a46
101 _aEDU
245 0 0 _aIntroduction to the foundations of American education /
_cJames A. Johnson ... [et al.].
504 _aIncludes bibliographical references and indexes.
906 _a7
_bcbc
_corignew
_d1
_eocip
_f19
_gy-gencatlg
942 _2ddc
_cBK
999 _c42055
_d42055